00930cam a22002651 4500001001300000003000400013005001700017008004100034010001700075035001900092040002600111042001200137050002300149100003200172245005900204260009500263300002300358490006600381504003000447650003800477650004100515650002600556810006500582999001700647gs 38000172 DLC20260227111343.0790608s1938 laua b s000 0 eng  ags 38000172  a(OCoLC)5050051 aDLCcTxCMdOCoLCdDLC apremarc00aQE117b.A22 no. 101 aFisk, Harold Norman,d1908-10aGeology of Grant and LaSalle Parishes,cby H. N. Fisk. aNew Orleans, La.,bPublished by Dept. of Conservation, Louisiana Geological Survey,c1938. axv, 246 p.billus.1 aLouisiana. Dept. of conservation. Geological bulletinvno. 10 aBibliography: p. 214-228. 0aGeologyzLouisianazGrant Parish. 0aGeologyzLouisianazLa Salle Parish. 0aPetroleumzLouisiana.2 aLouisiana Geological Survey.tGeological bulletin ;vno. 10. c27456d27456